RECOGNITION GRATITUDE AND CELEBRATION (Record no. 10862)

MARC details
000 -LEADER
fixed length control field 00363nam a2200133Ia 4500
008 - FIXED-LENGTH DATA ELEMENTS--GENERAL INFORMATION
fixed length control field 240624s9999 xx 000 0 und d
041 ## - LANGUAGE CODE
Language code of text/sound track or separate title eng
082 ## - DEWEY DECIMAL CLASSIFICATION NUMBER
Classification number 658.3 TOW
100 ## - MAIN ENTRY--PERSONAL NAME
Personal name TOWNSEND PATRICK L
245 ## - TITLE STATEMENT
Title RECOGNITION GRATITUDE AND CELEBRATION
260 ## - PUBLICATION, DISTRIBUTION, ETC.
Date of publication, distribution, etc. 2004
Place of publication, distribution, etc. New Delhi
Name of publisher, distributor, etc. Viva Books Pvt. Ltd.
300 ## - PHYSICAL DESCRIPTION
Extent viii, : 83 : p. : cm. ; 22
365 ## - TRADE PRICE
Currency code RS
Price amount 33
Holdings
Withdrawn status Lost status Damaged status Not for loan Home library Current library Shelving location Date acquired Source of acquisition Cost, normal purchase price Total Checkouts Total Holds Full call number Barcode Date due Date last seen Date last checked out Copy number Price effective from Koha item type
        IMTN IMTN Rack 23-B 10/06/2008 AP 99.00 4 1280 658.3 TOW 10862 01/23/2026 01/13/2026 01/13/2026 1 06/24/2024 Books
Designed & Maintained by: LRC IMT Nagpur Contact: lrc@imtnag.ac.in© 2024. All Rights Reserved.